[Event "Gatineau Outaouais op"]
[Site "Gatineau"]
[Date "2016.06.04"]
[Round "2"]
[White "Palsson, Halldor Peter"]
[Black "Libersan, Mattieu"]
[Result "0-1"]
[WhiteElo "2055"]
[BlackElo "2004"]
[PlyCount "42"]
[EventDate "2016.06.03"]
[EventType "swiss"]
[EventRounds "5"]
[EventCountry "CAN"]
[SourceTitle "EXT 2022"]
[Source "ChessBase"]
[SourceDate "2021.10.06"]
[SourceVersion "1"]
[SourceVersionDate "2021.10.06"]
[SourceQuality "1"]

1. d4 d5 2. c4 e6 3. Nc3 Nf6 4. Bg5 c5 5. cxd5 Qb6 6. Na4 Qb4+ 7. Bd2 Qxd4 8. dxe6 Bxe6 9. Nf3 Qd8 10. Qc2 Nbd7 11. Ng5 Bd5 12. e4 Bc6 13. Bc4 Ne5 14. Nxc5 Bxc5 15. Bxf7+ Nxf7 16. Qxc5 Nxg5 17. Bxg5 Qd3 18. f3 Bb5 19. Kf2 Nxe4+ 20. fxe4 Rf8+ 21. Kg1 Rf1+ 0-1

[Event "Outaouais-ch ferme"]
[Site "Gatineau"]
[Date "2016.04.12"]
[Round "1"]
[White "Libersan, Mattieu"]
[Black "Gagnon, Fabien"]
[Result "1/2-1/2"]
[WhiteElo "2006"]
[BlackElo "2000"]
[PlyCount "125"]
[EventDate "2016.04.12"]
[EventType "tourn"]
[EventRounds "7"]
[EventCountry "CAN"]
[SourceTitle "EXT 2022"]
[Source "ChessBase"]
[SourceDate "2021.10.06"]
[SourceVersion "1"]
[SourceVersionDate "2021.10.06"]
[SourceQuality "1"]

1. e4 c5 2. Nf3 Nc6 3. d4 cxd4 4. Nxd4 Nf6 5. Nc3 g6 6. Be2 Bg7 7. Be3 0-0 8. 0-0 d5 9. exd5 Nxd5 10. Nxd5 Qxd5 11. Nxc6 Qxc6 12. Bf3 Qb5 13. Rb1 Bf5 14. b3 Rfd8 15. Qe2 Qxe2 16. Bxe2 Bxc2 17. Rbc1 Be4 18. Rc7 e6 19. Rfc1 Be5 20. R7c4 Bc6 21. Bf3 Bxf3 22. gxf3 Rd7 23. Rc8+ Rxc8 24. Rxc8+ Kg7 25. Bxa7 Rd2 26. Rc4 Rxa2 27. Be3 Bd6 28. Bd4+ e5 29. Bc3 Kf8 30. Bb4 Bxb4 31. Rxb4 Ra7 32. f4 exf4 33. Rxf4 b5 34. Re4 Re7 35. Rb4 Re5 36. f4 Rd5 37. Re4 f5 38. Re6 Rd3 39. Rb6 Rxb3 40. Rb7 Kg8 41. Kg2 b4 42. h4 Rb1 43. h5 gxh5 44. Rb5 b3 45. Rxf5 b2 46. Rb5 Kf7 47. Kh2 Kf6 48. Kg2 h4 49. Kh2 h3 50. Rb6+ Kf5 51. Rb4 h5 52. Rb5+ Kxf4 53. Rb4+ Ke3 54. Rb3+ Kd2 55. Rb8 Kc3 56. Rc8+ Kd3 57. Rd8+ Kc4 58. Rc8+ Kd5 59. Rd8+ Kc6 60. Rb8 Kd6 61. Rb3 Kc5 62. Rb8 Kd6 63. Rb3 1/2-1/2

[Event "Gatineau op"]
[Site "Gatineau"]
[Date "2016.03.06"]
[Round "5"]
[White "Kuryliw, Ray"]
[Black "Libersan, Mattieu"]
[Result "1/2-1/2"]
[WhiteElo "1951"]
[BlackElo "2006"]
[PlyCount "84"]
[EventDate "2016.03.04"]
[EventType "swiss"]
[EventRounds "5"]
[EventCountry "CAN"]
[SourceTitle "EXT 2022"]
[Source "ChessBase"]
[SourceDate "2021.10.06"]
[SourceVersion "1"]
[SourceVersionDate "2021.10.06"]
[SourceQuality "1"]

1. f4 e5 2. fxe5 d6 3. exd6 Bxd6 4. Nf3 g5 5. g3 g4 6. Nh4 Ne7 7. d4 Ng6 8. Nxg6 hxg6 9. Qd3 Bf5 10. e4 Qe7 11. Bg2 Nc6 12. c3 0-0-0 13. Bf4 Bxf4 14. gxf4 Rh3 15. Bxh3 Bxe4 16. Qe3 gxh3 17. 0-0 Rh8 18. Nd2 Bg2 19. Qxe7 Nxe7 20. Rfe1 Nf5 21. Nc4 Rh4 22. Ne3 Nxe3 23. Rxe3 Rxf4 24. Rae1 b6 25. b3 a5 26. a3 Kb7 27. Rc1 g5 28. Rg3 g4 29. Re3 f5 30. Rce1 Be4 31. Rf1 Rxf1+ 32. Kxf1 Bg2+ 33. Kg1 Kc6 34. Re5 Be4 35. Kf2 Kd6 36. Kg3 Bc2 37. b4 axb4 38. axb4 Bd3 39. Kf4 b5 40. Ke3 Be4 41. Kf4 c6 42. Kg3 Bd3 1/2-1/2

[Event "Gatineau op-A"]
[Site "Gatineau"]
[Date "2015.03.??"]
[Round "2"]
[White "Kuriliw, Ray"]
[Black "Libersan, Mattieu"]
[Result "1-0"]
[WhiteElo "1979"]
[BlackElo "1901"]
[PlyCount "83"]
[EventDate "2015.03.07"]
[EventType "swiss"]
[EventRounds "5"]
[EventCountry "CAN"]
[SourceTitle "EXT 2016"]
[Source "ChessBase"]
[SourceDate "2015.10.08"]
[SourceVersion "1"]
[SourceVersionDate "2015.10.08"]
[SourceQuality "1"]

1. f4 e5 2. fxe5 d6 3. exd6 Bxd6 4. Nf3 g5 5. g3 g4 6. Nh4 Ne7 7. d4 Ng6 8. Nxg6 hxg6 9. Qd3 Bf5 10. e4 Qe7 11. Bg2 Nc6 12. c3 0-0-0 13. Bf4 Rhe8 14. Nd2 Bxe4 15. Nxe4 f5 16. Bxd6 Rxd6 17. 0-0-0 fxe4 18. Qe3 Qe6 19. b3 Na5 20. d5 Qe5 21. Rd4 Red8 22. Rhd1 Rxd5 23. Rxd5 Rxd5 24. Rxd5 Qxd5 25. Qxe4 Qg5+ 26. Kc2 Qf5 27. Qxf5+ gxf5 28. h4 Kd7 29. Kd3 Ke6 30. Ke3 c5 31. c4 a6 32. Bd5+ Ke5 33. h5 b5 34. h6 Kf6 35. Kf4 b4 36. h7 Kg7 37. Kxf5 Kxh7 38. Kxg4 Kg6 39. Be4+ Kf6 40. Kf4 Ke6 41. g4 Kd6 42. Kf5 1-0

[Event "Canadian op U2000"]
[Site "Montreal"]
[Date "2014.07.19"]
[Round "1"]
[White "Lafleche, Alain"]
[Black "Libersan, Mattieu"]
[Result "1-0"]
[WhiteElo "1702"]
[BlackElo "1965"]
[PlyCount "59"]
[EventDate "2014.07.19"]
[EventType "swiss"]
[EventRounds "9"]
[EventCountry "CAN"]
[SourceTitle "EXT 2022"]
[Source "ChessBase"]
[SourceDate "2021.10.06"]
[SourceVersion "1"]
[SourceVersionDate "2021.10.06"]
[SourceQuality "1"]

1. e4 c5 2. Nf3 d6 3. d4 cxd4 4. Nxd4 Nf6 5. Nc3 g6 6. f3 Bg7 7. Be3 0-0 8. Qd2 Nc6 9. 0-0-0 d5 10. exd5 Nxd5 11. Nxc6 bxc6 12. Nxd5 cxd5 13. Qxd5 Qc7 14. Qc5 Qb7 15. Bd4 Bf5 16. Qa3 e5 17. Bc3 Rfc8 18. Ba6 Bh6+ 19. Kb1 Rxc3 20. Bxb7 Bxc2+ 21. Ka1 Rxa3 22. Bxa8 Ra5 23. Rd8+ Kg7 24. Bd5 Be3 25. Rd7 Bd4 26. Rxf7+ Kh6 27. Rc1 Bf5 28. Bb3 Rb5 29. Rcc7 Kg5 30. g3 1-0

[Event "Gatineau op"]
[Site "Gatineau"]
[Date "2014.03.02"]
[Round "4"]
[White "Doubleday, William G"]
[Black "Libersan, Mattieu"]
[Result "1-0"]
[WhiteElo "2202"]
[BlackElo "1976"]
[PlyCount "121"]
[EventDate "2014.01.28"]
[EventType "swiss"]
[EventRounds "5"]
[EventCountry "CAN"]
[SourceTitle "EXT 2015"]
[Source "ChessBase"]
[SourceDate "2014.11.20"]
[SourceVersion "1"]
[SourceVersionDate "2014.11.20"]
[SourceQuality "1"]

1. d4 Nf6 2. c4 e6 3. Nc3 d5 4. Nf3 c6 5. e3 Nbd7 6. Bd3 dxc4 7. Bxc4 b5 8. Be2 a6 9. Qc2 c5 10. 0-0 Bb7 11. a3 Bd6 12. Rd1 0-0 13. dxc5 Nxc5 14. b4 Nce4 15. Nxe4 Bxe4 16. Qd2 Be7 17. Bb2 Rc8 18. Rac1 Qxd2 19. Nxd2 Bb7 20. Nb3 Rfd8 21. Bd4 Rxc1 22. Rxc1 Rc8 23. Rxc8+ Bxc8 24. Bf3 Nd7 25. Bc6 Nb8 26. Ba8 Bd7 27. Na5 Bf6 28. Ba7 Be5 29. Bb7 g5 30. f3 f5 31. g3 f4 32. exf4 gxf4 33. g4 Kf7 34. Kf2 Ke7 35. Ke2 Kd8 36. Kd3 Kc7 37. Bd4 Bxd4 38. Kxd4 Kd6 39. Be4 e5+ 40. Kd3 h6 41. h4 Be6 42. Nb7+ Ke7 43. Nc5 Bc4+ 44. Kd2 Nd7 45. Nxa6 Kd6 46. g5 hxg5 47. hxg5 Nb6 48. Nc5 Bg8 49. Kc3 Nd5+ 50. Kb2 Ne3 51. a4 bxa4 52. Nxa4 Nc4+ 53. Kc3 Na3 54. Nc5 Nb5+ 55. Kd3 Nd4 56. Na4 Nb5 57. Nc3 Nd4 58. g6 Be6 59. g7 Nf5 60. Bxf5 Bxf5+ 61. Ne4+ 1-0

[Event "Gatineau TORO"]
[Site "Gatineau"]
[Date "2013.06.09"]
[Round "4"]
[White "Doubleday, William G"]
[Black "Libersan, Mattieu"]
[Result "0-1"]
[WhiteElo "2065"]
[BlackElo "1867"]
[PlyCount "122"]
[EventDate "2013.06.07"]
[EventType "swiss"]
[EventRounds "5"]
[EventCountry "CAN"]
[SourceTitle "EXT 2022"]
[Source "ChessBase"]
[SourceDate "2021.10.06"]
[SourceVersion "1"]
[SourceVersionDate "2021.10.06"]
[SourceQuality "1"]

1. d4 Nf6 2. Nf3 e6 3. g3 d5 4. c4 dxc4 5. Bg2 c6 6. 0-0 Nbd7 7. Qc2 b5 8. Rd1 Bb7 9. a4 a6 10. Nbd2 Be7 11. b3 cxb3 12. Nxb3 0-0 13. Bd2 c5 14. dxc5 Rc8 15. Ba5 Qe8 16. axb5 axb5 17. Bb4 Nd5 18. Be1 Nxc5 19. Nbd4 Na4 20. Qb3 Ndc3 21. Rd2 Bd5 22. Qc2 Nxe2+ 23. Rxe2 Rxc2 24. Rxc2 b4 25. Nd2 Bxg2 26. Kxg2 Nc3 27. N2b3 Qc8 28. f3 Rd8 29. Rac1 Bf6 30. Bxc3 bxc3 31. Rxc3 Qb7 32. Rc7 Qb8 33. R7c3 h6 34. Nc6 Qb6 35. Nxd8 Bxc3 36. Rxc3 Qxd8 37. h4 Qd1 38. Re3 Qc2+ 39. Kh3 Qf2 40. Rc3 h5 41. f4 Qg1 42. Rc2 Qd1 43. Rb2 Qh1+ 44. Rh2 Qf1+ 45. Rg2 f6 46. Nd2 Qd1 47. Kh2 e5 48. fxe5 fxe5 49. Ne4 Qd3 50. Ng5 e4 51. Rb2 Kf8 52. Ne6+ Kf7 53. Nf4 Qf3 54. Re2 e3 55. Re1 Qf2+ 56. Ng2 e2 57. Kh3 Kf6 58. Ra1 g6 59. Re1 Kf5 60. Ra1 Ke4 61. Re1 Kf3 0-1

[Event "Gatineau op"]
[Site "Gatineau"]
[Date "2013.03.02"]
[Round "3"]
[White "Hebert, Jean"]
[Black "Libersan, Mattieu"]
[Result "1-0"]
[WhiteElo "2451"]
[BlackElo "1934"]
[PlyCount "55"]
[EventDate "2013.03.01"]
[EventType "swiss"]
[EventRounds "5"]
[EventCountry "CAN"]
[SourceTitle "EXT 2022"]
[Source "ChessBase"]
[SourceDate "2021.10.06"]
[SourceVersion "1"]
[SourceVersionDate "2021.10.06"]
[SourceQuality "1"]

1. Nf3 Nf6 2. d4 d5 3. c4 c6 4. Nc3 e6 5. e3 Nbd7 6. Qc2 Bd6 7. b3 0-0 8. Be2 a6 9. 0-0 dxc4 10. bxc4 c5 11. Bb2 b6 12. Rad1 Qe7 13. Ng5 Bb7 14. d5 exd5 15. Nxd5 Bxd5 16. Rxd5 h6 17. Rfd1 Bxh2+ 18. Kxh2 hxg5 19. Rxg5 Rfe8 20. Qf5 Qe6 21. Rxg7+ Kxg7 22. Qg5+ Kf8 23. Rxd7 Qxd7 24. Qh6+ Ke7 25. Qxf6+ Kf8 26. Qh6+ Ke7 27. Bf6+ Kd6 28. Qf4+ 1-0

[Event "Quebec op U2000"]
[Site "Montreal"]
[Date "2012.07.26"]
[Round "7"]
[White "Zhang, John"]
[Black "Libersan, Mattieu"]
[Result "1/2-1/2"]
[WhiteElo "1725"]
[BlackElo "1882"]
[PlyCount "107"]
[EventDate "2012.07.21"]
[EventType "swiss"]
[EventRounds "9"]
[EventCountry "CAN"]
[SourceTitle "EXT 2022"]
[Source "ChessBase"]
[SourceDate "2021.10.06"]
[SourceVersion "1"]
[SourceVersionDate "2021.10.06"]
[SourceQuality "1"]

1. e4 c5 2. Na3 Nc6 3. Bb5 Nf6 4. d3 g6 5. f4 Bg7 6. Nf3 0-0 7. c3 a6 8. Bxc6 dxc6 9. 0-0 b6 10. Nc4 Qc7 11. Qe1 b5 12. Ne3 c4 13. e5 Nd5 14. Nxd5 cxd5 15. d4 Bf5 16. Qh4 h6 17. g4 Be4 18. f5 Bxf3 19. Rxf3 g5 20. Bxg5 hxg5 21. Qh5 Qb6 22. Rh3 Rfb8 23. e6 fxe6 24. fxe6 Qxe6 25. Rf1 Bh6 26. Qxh6 Qxh6 27. Rxh6 b4 28. Rg6+ Kh7 29. Rxg5 bxc3 30. bxc3 Rb2 31. Rxd5 Rc2 32. Rf7+ Kg6 33. Rxe7 Rb8 34. Rde5 Rbb2 35. h4 Rg2+ 36. Kf1 Rxg4 37. h5+ Kf6 38. R7e6+ Kf7 39. Re7+ Kf6 40. R7e6+ Kf7 41. Re2 Rxe2 42. Rxe2 Rg3 43. Re5 Rxc3 44. Ra5 Rd3 45. Rxa6 Rxd4 46. Rc6 Rh4 47. h6 c3 48. Ke2 Rh2+ 49. Kf3 Rxa2 50. Rxc3 Ra6 51. Rc7+ Kg8 52. h7+ Kh8 53. Kg4 Ra5 54. Kh4 1/2-1/2

[Event "Quebec op U2000"]
[Site "Montreal"]
[Date "2012.07.25"]
[Round "6"]
[White "Libersan, Mattieu"]
[Black "Jureidini, Gabriel"]
[Result "1-0"]
[WhiteElo "1885"]
[BlackElo "1725"]
[PlyCount "115"]
[EventDate "2012.07.21"]
[EventType "swiss"]
[EventRounds "9"]
[EventCountry "CAN"]
[SourceTitle "EXT 2022"]
[Source "ChessBase"]
[SourceDate "2021.10.06"]
[SourceVersion "1"]
[SourceVersionDate "2021.10.06"]
[SourceQuality "1"]

1. e4 d6 2. d4 Nf6 3. Nc3 Nbd7 4. Nf3 e5 5. Bc4 Be7 6. Be3 0-0 7. 0-0 c6 8. a4 a5 9. h3 Qc7 10. Qd2 Nxe4 11. Nxe4 d5 12. Bxd5 cxd5 13. Nc3 Nb6 14. dxe5 Nc4 15. Nxd5 Nxd2 16. Nxc7 Nxf1 17. Rxf1 Rb8 18. Ba7 Bf5 19. Nd5 Rbe8 20. Nxe7+ Rxe7 21. Bc5 Rd7 22. Bxf8 Kxf8 23. c3 Bc2 24. Ra1 Rd1+ 25. Rxd1 Bxd1 26. Nd2 Bxa4 27. Nc4 Bc2 28. Nxa5 b5 29. Nb7 Ke7 30. f4 f6 31. exf6+ Kxf6 32. Nd6 Bd3 33. Kf2 Ke6 34. Nb7 Kd5 35. g3 Bb1 36. Ke3 g6 37. Nd8 Kc4 38. Kd2 Kd5 39. Ke3 h5 40. g4 Bc2 41. Nf7 Bd1 42. gxh5 Bxh5 43. Ne5 Ke6 44. b3 Kf5 45. c4 g5 46. Nd3 bxc4 47. bxc4 Be8 48. c5 Bc6 49. fxg5 Kxg5 50. Nf2 Bg2 51. Kd4 Kh4 52. Ke5 Kg3 53. Kd6 Kxf2 54. h4 Bf3 55. c6 Kg3 56. c7 Bg4 57. h5 Bf5 58. h6 1-0

[Event "Quebec op U2000"]
[Site "Montreal"]
[Date "2012.07.24"]
[Round "5"]
[White "Yip, William"]
[Black "Libersan, Mattieu"]
[Result "0-1"]
[WhiteElo "1561"]
[BlackElo "1882"]
[PlyCount "100"]
[EventDate "2012.07.21"]
[EventType "swiss"]
[EventRounds "9"]
[EventCountry "CAN"]
[SourceTitle "EXT 2022"]
[Source "ChessBase"]
[SourceDate "2021.10.06"]
[SourceVersion "1"]
[SourceVersionDate "2021.10.06"]
[SourceQuality "1"]

1. d4 d5 2. c4 c6 3. e3 Nf6 4. Nc3 e6 5. Nf3 Bd6 6. Bd3 Nbd7 7. 0-0 dxc4 8. Bxc4 b5 9. Bd3 0-0 10. e4 e5 11. d5 b4 12. dxc6 bxc3 13. cxd7 Qxd7 14. bxc3 Bb7 15. Qe2 Qc6 16. Re1 Qxc3 17. Bb2 Qc7 18. Rec1 Qe7 19. Rab1 Rab8 20. Nd2 Rfd8 21. Nc4 h6 22. h3 Rbc8 23. Nxd6 Qxd6 24. Rxc8 Bxc8 25. Rd1 Ba6 26. Bxe5 Bxd3 27. Bxd6 Bxe2 28. Rd2 Nxe4 29. Rxe2 Nxd6 30. Re7 a5 31. g4 g5 32. Kg2 Kg7 33. Re5 Nc4 34. Re4 Nd2 35. Ra4 Rd5 36. Kg3 Kf6 37. f4 Rd3+ 38. Kg2 gxf4 39. Rxf4+ Ke6 40. Rf5 Ra3 41. Rh5 Rxa2 42. Rxh6+ Ke7 43. h4 a4 44. g5 a3 45. Rh7 Kf8 46. Kg3 Rb2 47. h5 a2 48. Rh8+ Kg7 49. Ra8 Nb3 50. h6+ Kh7 0-1

[Event "Quebec op U2000"]
[Site "Montreal"]
[Date "2012.07.22"]
[Round "3"]
[White "Libersan, Mattieu"]
[Black "Dubreuil, Raymond"]
[Result "1/2-1/2"]
[WhiteElo "1885"]
[BlackElo "1502"]
[PlyCount "96"]
[EventDate "2012.07.21"]
[EventType "swiss"]
[EventRounds "9"]
[EventCountry "CAN"]
[SourceTitle "EXT 2022"]
[Source "ChessBase"]
[SourceDate "2021.10.06"]
[SourceVersion "1"]
[SourceVersionDate "2021.10.06"]
[SourceQuality "1"]

1. e4 c5 2. Nf3 e6 3. d4 cxd4 4. Nxd4 Nf6 5. Nc3 Nc6 6. Ndb5 d5 7. exd5 Nxd5 8. Nxd5 exd5 9. Qxd5 Qe7+ 10. Be2 Be6 11. Qe4 0-0-0 12. 0-0 a6 13. Nc3 Rd4 14. Qf3 Bg4 15. Qxg4+ Rxg4 16. Bxg4+ Kb8 17. Bf4+ Ka7 18. Rfe1 Qf6 19. Be3+ Kb8 20. Nd5 Qg6 21. Bf3 Bd6 22. Nf4 Bxf4 23. Bxf4+ Ka8 24. Rad1 Qf6 25. Bg3 Nd4 26. Bxb7+ Kxb7 27. Be5 Nf3+ 28. gxf3 Qg5+ 29. Bg3 Rd8 30. Rxd8 Qxd8 31. c4 Kc6 32. Kg2 h5 33. h4 g6 34. b3 Qd7 35. Re5 Qd2 36. a4 Qc2 37. Re3 Kd7 38. Be5 Qf5 39. c5 f6 40. Bd6 g5 41. hxg5 Qxg5+ 42. Kh3 Qf5+ 43. Kg2 Qg6+ 44. Kh3 Qf5+ 45. Kg2 Qg5+ 46. Kh2 Qh4+ 47. Kg2 Qg5+ 48. Kh2 Qh4+ 1/2-1/2

[Event "Gatineau LEO-A"]
[Site "Gatineau"]
[Date "2012.04.10"]
[Round "1"]
[White "Libersan, Mattieu"]
[Black "Gagnon, Fabien"]
[Result "0-1"]
[WhiteElo "1860"]
[BlackElo "1975"]
[PlyCount "108"]
[EventDate "2012.04.10"]
[EventType "tourn"]
[EventRounds "6"]
[EventCountry "CAN"]
[SourceTitle "EXT 2013"]
[Source "ChessBase"]
[SourceDate "2012.11.22"]
[SourceVersion "1"]
[SourceVersionDate "2012.11.22"]
[SourceQuality "1"]

1. e4 Nf6 2. e5 Nd5 3. d4 d6 4. c4 Nb6 5. f4 dxe5 6. fxe5 Nc6 7. Be3 Bf5 8. Nc3 e6 9. Nf3 Qd7 10. d5 exd5 11. cxd5 Nb4 12. Nd4 N6xd5 13. Nxd5 Nxd5 14. Nxf5 0-0-0 15. Be2 Bb4+ 16. Bd2 Bxd2+ 17. Qxd2 Qxf5 18. 0-0-0 Qxe5 19. Bg4+ f5 20. Rhe1 Qf6 21. Bf3 Nb6 22. Qc2 g6 23. Kb1 Rxd1+ 24. Rxd1 Rd8 25. Rc1 c6 26. b4 Rd6 27. b5 Kc7 28. bxc6 bxc6 29. Qc5 Qd4 30. Qxd4 Rxd4 31. Rxc6+ Kd7 32. Rf6 Ke7 33. Rc6 Rc4 34. Rxc4 Nxc4 35. Kc2 Kd6 36. Kc3 Kc5 37. h4 Ne5 38. Bd1 Kd5 39. Kb4 Ke4 40. Kb5 Kf4 41. Ka6 Kg3 42. Kxa7 Kxg2 43. a4 f4 44. a5 Nc6+ 45. Kb6 Nxa5 46. Kxa5 f3 47. Kb5 f2 48. Be2 f1Q 49. Bxf1+ Kxf1 50. Kc4 Kf2 51. Kd4 h5 52. Ke5 Kg3 53. Kf6 Kxh4 54. Kxg6 Kg4 0-1

[Event "Gatineau op-A"]
[Site "Gatineau"]
[Date "2012.03.03"]
[Round "2"]
[White "Desjardins, Michel"]
[Black "Libersan, Mattieu"]
[Result "1-0"]
[WhiteElo "1861"]
[BlackElo "1882"]
[PlyCount "39"]
[EventDate "2012.03.02"]
[EventType "swiss"]
[EventRounds "5"]
[EventCountry "CAN"]
[SourceTitle "EXT 2022"]
[Source "ChessBase"]
[SourceDate "2021.10.06"]
[SourceVersion "1"]
[SourceVersionDate "2021.10.06"]
[SourceQuality "1"]

1. e4 d6 2. d4 Nf6 3. Nc3 g6 4. Be3 Bg7 5. Qd2 Ng4 6. Bg5 h6 7. Bh4 0-0 8. f4 c5 9. dxc5 dxc5 10. 0-0-0 Bd4 11. Kb1 Ne3 12. Re1 Nxf1 13. Rxf1 Nc6 14. Nge2 Qa5 15. f5 g5 16. Bxg5 hxg5 17. Nxd4 cxd4 18. Qxg5+ Kh7 19. Rf3 Bxf5 20. exf5 1-0

[Event "Gatineau Maisonneuve Memorial"]
[Site "Gatineau"]
[Date "2011.10.25"]
[Round "1"]
[White "Libersan, Mattieu"]
[Black "Pilon, Robert"]
[Result "1-0"]
[WhiteElo "1819"]
[BlackElo "1465"]
[PlyCount "29"]
[EventDate "2011.10.25"]
[EventType "swiss"]
[EventRounds "4"]
[EventCountry "CAN"]
[SourceTitle "EXT 2022"]
[Source "ChessBase"]
[SourceDate "2021.10.06"]
[SourceVersion "1"]
[SourceVersionDate "2021.10.06"]
[SourceQuality "1"]

1. e4 Nc6 2. d4 d5 3. Nc3 dxe4 4. d5 Nb4 5. a3 Na6 6. Nxe4 e6 7. Bc4 exd5 8. Bxd5 c6 9. Bxf7+ Ke7 10. Bg5+ Nf6 11. Qxd8+ Kxd8 12. 0-0-0+ Ke7 13. Bb3 Bf5 14. Nd6 Nc5 15. Nxf5+ 1-0

[Event "Quebec-ch qual"]
[Site "Gatineau"]
[Date "2010.03.30"]
[Round "4"]
[White "Libersan, Mattieu"]
[Black "Guimond, Michel"]
[Result "0-1"]
[WhiteElo "1867"]
[BlackElo "1957"]
[PlyCount "76"]
[EventDate "2010.03.09"]
[EventType "swiss"]
[EventRounds "5"]
[EventCountry "CAN"]
[SourceTitle "EXT 2011"]
[Source "ChessBase"]
[SourceDate "2010.11.26"]
[SourceVersion "1"]
[SourceVersionDate "2010.11.26"]
[SourceQuality "1"]

1. e4 e6 2. d4 d5 3. Nc3 Bb4 4. e5 c5 5. a3 Bxc3+ 6. bxc3 Ne7 7. Nf3 Nbc6 8. a4 Qa5 9. Qd2 Bd7 10. Be2 h6 11. 0-0 g5 12. dxc5 Nf5 13. Bb5 Nxe5 14. Nxe5 Bxb5 15. axb5 Qxa1 16. Qd3 Qa4 17. Bb2 f6 18. Ra1 Qe4 19. Qxe4 dxe4 20. Nc4 0-0 21. g4 Ng7 22. Nd6 Rfb8 23. Nxe4 Ne8 24. c4 Kf7 25. Rd1 Rd8 26. Rxd8 Rxd8 27. b6 axb6 28. cxb6 Rc8 29. c5 f5 30. gxf5 exf5 31. Nd6+ Nxd6 32. cxd6 Ke6 33. Bg7 h5 34. Bh6 g4 35. Bf4 Rxc2 36. Kg2 Rc6 37. Be3 h4 38. Kf1 Rxd6 0-1

[Event "Quebec-ch qual"]
[Site "Gatineau"]
[Date "2010.03.16"]
[Round "2"]
[White "Lacourse, Guy"]
[Black "Libersan, Mattieu"]
[Result "1/2-1/2"]
[WhiteElo "1703"]
[BlackElo "1867"]
[PlyCount "55"]
[EventDate "2010.03.09"]
[EventType "swiss"]
[EventRounds "5"]
[EventCountry "CAN"]
[SourceTitle "EXT 2011"]
[Source "ChessBase"]
[SourceDate "2010.11.26"]
[SourceVersion "1"]
[SourceVersionDate "2010.11.26"]
[SourceQuality "1"]

1. d4 Nf6 2. Nf3 e6 3. c4 c5 4. d5 b5 5. Bg5 bxc4 6. e4 exd5 7. Bxf6 Qxf6 8. Qxd5 Qxb2 9. Qxa8 Qc1+ 10. Ke2 Bd6 11. Nbd2 Qxa1 12. Qd5 Ba6 13. Qxd6 c3+ 14. Ke3 cxd2 15. Nxd2 Qc3+ 16. Kf4 Qf6+ 17. Qxf6 gxf6 18. Bxa6 Nxa6 19. Rb1 Ke7 20. Rb7 Rc8 21. Rxa7 Nb4 22. Nc4 Nd3+ 23. Ke3 Ne5 24. Nb6 Rc6 25. Nd5+ Kf8 26. h3 c4 27. Ra3 Nd3 28. Rc3 1/2-1/2

[Event "Quebec-ch qual"]
[Site "Gatineau"]
[Date "2010.03.09"]
[Round "1"]
[White "Libersan, Mattieu"]
[Black "Sabourin, Yves"]
[Result "1-0"]
[WhiteElo "1867"]
[BlackElo "1427"]
[PlyCount "81"]
[EventDate "2010.03.09"]
[EventType "swiss"]
[EventRounds "5"]
[EventCountry "CAN"]
[SourceTitle "EXT 2011"]
[Source "ChessBase"]
[SourceDate "2010.11.26"]
[SourceVersion "1"]
[SourceVersionDate "2010.11.26"]
[SourceQuality "1"]

1. e4 e5 2. Nf3 Nf6 3. Nxe5 d6 4. Nf3 Nxe4 5. Nc3 Nxc3 6. dxc3 Nc6 7. Be3 Be7 8. Qd2 Ne5 9. Be2 Bg4 10. Nxe5 Bxe2 11. Nxf7 Kxf7 12. Qxe2 c6 13. 0-0 Re8 14. Rfe1 Bf6 15. Qg4 a6 16. Bd4 Bxd4 17. Qxd4 Qf6 18. Qxf6+ Kxf6 19. Kf1 d5 20. Rxe8 Rxe8 21. Re1 Rxe1+ 22. Kxe1 Ke5 23. Ke2 g5 24. Ke3 b6 25. f3 c5 26. g3 Kf5 27. b3 a5 28. a4 Ke5 29. Kd3 h5 30. c4 h4 31. cxd5 Kxd5 32. gxh4 gxh4 33. f4 h3 34. c4+ Ke6 35. Ke4 Kf6 36. f5 Kf7 37. Kf4 Kg7 38. Kg5 Kg8 39. Kg6 Kf8 40. Kf6 Ke8 41. Kg7 1-0

[Event "Gatineau CEH op"]
[Site "Gatineau"]
[Date "2010.01.12"]
[Round "1"]
[White "Libersan, Mattieu"]
[Black "Dagenais, Benoit"]
[Result "1-0"]
[WhiteElo "1779"]
[BlackElo "1264"]
[PlyCount "51"]
[EventDate "2010.01.12"]
[EventType "swiss"]
[EventRounds "7"]
[EventCountry "CAN"]
[SourceTitle "EXT 2011"]
[Source "ChessBase"]
[SourceDate "2010.11.26"]
[SourceVersion "1"]
[SourceVersionDate "2010.11.26"]
[SourceQuality "1"]

1. e4 Nf6 2. e5 Nd5 3. d4 c5 4. c4 Nb4 5. d5 Qa5 6. Nc3 d6 7. Nf3 Bf5 8. Nh4 Nc2+ 9. Ke2 Nxa1 10. Nxf5 g6 11. Ng3 Bg7 12. Bd2 Bxe5 13. Qxa1 0-0 14. h4 Nd7 15. Nce4 Qb6 16. Bc3 f5 17. Ng5 Bxc3 18. bxc3 Ne5 19. Ke1 Qa6 20. h5 Nxc4 21. hxg6 hxg6 22. Ne6 Rfc8 23. Qc1 Qxa2 24. Nxf5 Kf7 25. Rh7+ Ke8 26. Rxe7# 1-0

[Event "Gatineau Maisonneuve Memorial"]
[Site "Gatineau"]
[Date "2009.10.13"]
[Round "1"]
[White "Libersan, Mattieu"]
[Black "Levesque, Andre"]
[Result "1-0"]
[WhiteElo "1861"]
[BlackElo "1307"]
[PlyCount "37"]
[EventDate "2009.10.13"]
[EventType "swiss"]
[EventRounds "5"]
[EventCountry "CAN"]
[SourceTitle "EXT 2011"]
[Source "ChessBase"]
[SourceDate "2010.11.26"]
[SourceVersion "1"]
[SourceVersionDate "2010.11.26"]
[SourceQuality "1"]

1. e4 c5 2. c3 Nc6 3. d4 cxd4 4. cxd4 d6 5. Nf3 e6 6. Nc3 Be7 7. Bd3 Nf6 8. 0-0 0-0 9. e5 dxe5 10. dxe5 Nd7 11. Re1 a6 12. Bb1 h6 13. Qc2 g6 14. Bxh6 Re8 15. Qe4 Kh7 16. Qf4 f5 17. exf6 Nxf6 18. Bxg6+ Kxg6 19. Qg5+ 1-0

[Event "Gatineau Hull CC-chB"]
[Site "Gatineau"]
[Date "2009.04.21"]
[Round "2"]
[White "Jiang, Qizhe"]
[Black "Libersan, Mattieu"]
[Result "0-1"]
[WhiteElo "1046"]
[BlackElo "1872"]
[PlyCount "64"]
[EventDate "2009.04.14"]
[EventType "swiss"]
[EventRounds "5"]
[EventCountry "CAN"]
[SourceTitle "EXT 2011"]
[Source "ChessBase"]
[SourceDate "2010.11.26"]
[SourceVersion "1"]
[SourceVersionDate "2010.11.26"]
[SourceQuality "1"]

1. e4 c5 2. Nf3 d6 3. d4 cxd4 4. Nxd4 Nf6 5. Nc3 g6 6. Bc4 Bg7 7. Be3 0-0 8. Qd2 Nc6 9. 0-0-0 Ng4 10. f3 Nxe3 11. Qxe3 Nxd4 12. Rxd4 Bxd4 13. Qxd4 Be6 14. Nd5 Bxd5 15. Qxd5 e6 16. Qxb7 Qg5+ 17. Kb1 Qxg2 18. Rf1 Rfc8 19. Bd3 a5 20. a4 Qxh2 21. f4 Rab8 22. Qd7 Qg2 23. f5 Rxc2 24. Bxc2 Qxf1+ 25. Ka2 Qc4+ 26. Kb1 Qb4 27. b3 exf5 28. exf5 Qe1+ 29. Kb2 Qe5+ 30. Ka2 Qc3 31. Kb1 Rc8 32. Be4 Qxb3+ 0-1